| 000 | 00587cam a22001817a 4500 | ||
|---|---|---|---|
| 008 | 180718b2004 xxu||||| |||| 00| 0 eng d | ||
| 020 | _a8170999499 | ||
| 082 | _aB3x54 J199 | ||
| 245 |
_aCorruption-free sustainable development: challenges and strategies for good governance _cedited by R.B. Jain |
||
| 260 |
_aNew Delhi _bMittal _c2004 |
||
| 300 | _a302p. | ||
| 650 | _aSustainable development. | ||
| 650 | _aBureaucracy - India | ||
| 650 | _aEconomic reforms - India | ||
| 650 | _aAdministrative reforms - India | ||
| 650 | _aPublic administration - India | ||
| 700 | _aJain, R.B. | ||
| 999 |
_c402917 _d402917 |
||